书目信息 |
| 题名: |
吸烟、酗酒及药物滥用的危害与戒除
|
|
| 作者: | 陈世铭 主编 | |
| 分册: | ||
| 出版信息: | 北京 化学工业出版社 2000.05 |
|
| 页数: | 125页 | |
| 开本: | 32开 | |
| 丛书名: | 生活环境中有害因素防护丛书 | |
| 单 册: | ||
| 中图分类: | R163 | |
| 科图分类: | ||
| 主题词: | 个人卫生 | |
| 电子资源: | ||
| ISBN: | 7-5025-2793-1 | |
| 000 | 00681nam0 2200217 45 | |
| 001 | 0111200989 | |
| 005 | 20031219104051.7 | |
| 010 | @a7-5025-2793-1@dCNY8.00 | |
| 100 | @a20011120d2000 km y0chiy0120 ea | |
| 101 | 0 | @achi |
| 105 | @a z 000yy | |
| 200 | 1 | @a吸烟、酗酒及药物滥用的危害与戒除@AXi Yan、Xu Jiu Ji Yao Wu Lan Yong DeWei Hai Yu Jie Chu@f陈世铭主编@FChen Shi Ming Zhu Bian |
| 210 | @a北京@c化学工业出版社@d2000.05 | |
| 215 | @a125页@d32开 | |
| 225 | @a生活环境中有害因素防护丛书 | |
| 410 | @12001 @a生活环境中有害因素防护丛书 | |
| 606 | 0 | @a个人卫生 |
| 690 | @aR163@v4 | |
| 701 | @a陈世铭@4主编 | |
| 801 | @aCN@bTSTC@c20011120 | |
| 905 | @f6@b301102-107@dR163@e68 | |
| 吸烟、酗酒及药物滥用的危害与戒除/陈世铭主编.-北京:化学工业出版社,2000.05 |
| 125页;32开.-(生活环境中有害因素防护丛书) |
| ISBN 7-5025-2793-1:CNY8.00 |
| ● |
| 相关链接 |
|
|
|
|
正题名:吸烟、酗酒及药物滥用的危害与戒除
索取号:R163/68
 
预约/预借
| 序号 | 登录号 | 条形码 | 馆藏地/架位号 | 状态 | 备注 |
| 1 | 0301102 | 203011025 | 第三借阅区/ [索取号:R163/68] | 在馆 | |
| 2 | 0301103 | 203011034 | 第三借阅区/ [索取号:R163/68] | 在馆 | |
| 3 | 0301104 | 203011043 | 第三借阅区/ [索取号:R163/68] | 在馆 | |
| 4 | 0301105 | 203011052 | 第三借阅区/ [索取号:R163/68] | 在馆 | |
| 5 | 0301106 | 203011061 | 第三借阅区/ [索取号:R163/68] | 在馆 | |
| 6 | 0301107 | 203011070 | 第二样本阅览室/ [索取号:R163/68] | 在馆 |